The plan for growth (Record no. 112098)

MARC details
000 -LEADER
fixed length control field 01061cad a22002295a 4500
001 - CONTROL NUMBER
control field L152535
008 - FIXED-LENGTH DATA ELEMENTS--GENERAL INFORMATION
fixed length control field 110325s2011 xxk f 000 0 eng d
020 ## - INTERNATIONAL STANDARD BOOK NUMBER
International Standard Book Number 9781845328429
035 ## - SYSTEM CONTROL NUMBER
System control number (Sirsi) u152535
041 0# - LANGUAGE CODE
Language code of text/sound track or separate title eng
110 2# - MAIN ENTRY--CORPORATE NAME
Corporate name or jurisdiction name as entry element United Kingdom
Subordinate unit HM Treasury
245 04 - TITLE STATEMENT
Title The plan for growth
Medium [electronic resource]
260 ## - PUBLICATION, DISTRIBUTION, ETC.
Place of publication, distribution, etc. London
Name of publisher, distributor, etc. HM Treasury
Date of publication, distribution, etc. 2011
520 ## - SUMMARY, ETC.
Summary, etc. Launched at the Budget 2011, this report outlines radical reforms in areas that act as barriers to enterprise; construction will benefit; radical changes to the planning system; public sector funding; government procurement; construction projects; regulatory requirements for zero carbon homes; economic policy.
590 ## - LOCAL NOTE (RLIN)
Local note KA NTK
651 #4 - SUBJECT ADDED ENTRY--GEOGRAPHIC NAME
Geographic name United Kingdom
Chronological subdivision
690 ## - LOCAL SUBJECT ADDED ENTRY--TOPICAL TERM (OCLC, RLIN)
Topical term or geographic name as entry element Procurement
9 (RLIN) 6260
690 ## - LOCAL SUBJECT ADDED ENTRY--TOPICAL TERM (OCLC, RLIN)
Topical term or geographic name as entry element BUILT ENVIRONMENT-CONSTRUCTION MARKET
710 1# - ADDED ENTRY--CORPORATE NAME
Corporate name or jurisdiction name as entry element United Kingdom
Subordinate unit Department for Business, Innovation and Skills
9 (RLIN) 5760
856 40 - ELECTRONIC LOCATION AND ACCESS
Uniform Resource Identifier <a href="https://cdn.hm-treasury.gov.uk/2011budget_growth.pdf">https://cdn.hm-treasury.gov.uk/2011budget_growth.pdf</a>
Public note View the document free of charge at www.hm-treasury.gov.uk
942 ## - ADDED ENTRY ELEMENTS (KOHA)
Suppress in OPAC 0
Holdings
Withdrawn status Lost status Source of classification or shelving scheme Damaged status Not for loan Home library Current library Shelving location Date acquired Total Checkouts Full call number Barcode Date last seen Copy number Price effective from Koha item type
    Dewey Decimal Classification     Virtual Virtual Online 25/03/2011   ONLINE PUBLICATION 152535-2001 06/08/2019 1 06/08/2019 Book